000 00651nam a2200229 4500
001 1725905
003 OSt
005 20140310182039.0
008 740422s1974 maua b 001 0 eng
010 _a 73092029
040 _aDLC
_cDLC
_dDLC
050 0 0 _aGN 31
_b.K42 1974
082 0 0 _aHS 301
_bK48 1974
100 1 _aKessler, Evelyn S.
_911020
245 0 0 _aAnthropology :
_bthe humanizing process
_c[by] Evelyn S. Kessler.
260 _aBoston :
_bAllyn and Bacon,
_cc1974.
300 _a178 p. :
_bill. ;
_c24 cm.
650 0 _aAnthropology.
_946
906 _a7
_bcbc
_corignew
_d2
_eopcn
_f19
_gy-gencatlg
942 _2lcc
_cHS
_kHS
999 _c8761
_d8761